LEADER 00666nas a2200157 i 4500 001 000000022515 003 CaOOAMICUS 005 20180830125445.0 008 180830n sp u0 und u 040 $aSeMil$bita 245 10$aPublicaciones de la Universidad pontificia Comillas, Madrid. Serie 5, Documentos de trabajo. 260 $aMadrid :$bUPCM,$c[195.] 300 $av. ;$c24 cm. 710 2 $aUniversidad Pontificia Comillas .$0(OLS)http://semarc/name/2040 996 $6245$aPublicaciones de la Universidad pontificia Comillas, Madrid. Serie 5, Documentos de trabajo$9(OLS)http://semarc/title/30087 996 $6260$aMadrid :$bUPCM$9(OLS)http://semarc/publisher/32537 LEADER 01080nam a2200229 i 4500 001 000000180000 003 CaOOAMICUS 005 20090617000000.0 008 090617s1927 it u000 u ita u 013 $a157639 040 $aSeMil$bita 100 1 $aSchiaparelli, Luigi,$d<1871-1934>.$0(OLS)http://semarc/name/64892 245 10$aInfluenze straniere nella scrittura italiana dei secoli 8. e 9. /$cNote Paleografiche di Luigi Schiaparelli. 260 $aCittą del Vaticano :$bBiblioteca Apostolica Vaticana,$c1927. 300 $a72 p., [4] p. di tav. ;$c26 cm. 490 0 $aStudi e testi ;$v47 650 4$aItalia - Scrittura - Storia - Sec. 8.-9.$0(OLS)http://semarc/subject/34202 830 0$aStudi e testi ;$v47.$0(OLS)http://semarc/title/153 850 $aSeMil 852 $aSeMil$W1$xVenegono$y1$m3C V 72$j130752$B130752$CSeMilBibl$Z2$F142303 $81 996 $6245$aInfluenze straniere nella scrittura italiana dei secoli 8. e 9.$9(OLS)http://semarc/title/258464 996 $6260$aCittą del Vaticano :$bBiblioteca Apostolica Vaticana$9(OLS)http://semarc/publisher/29667